World Cup 2003 : (Record no. 597402)

000 -LEADER
fixed length control field 00313nam a2200121Ia 4500
008 - FIXED-LENGTH DATA ELEMENTS--GENERAL INFORMATION
fixed length control field 230907s9999||||xx |||||||||||||| ||und||
082 ## - DEWEY DECIMAL CLASSIFICATION NUMBER
Classification number 796.33466809
Author Mark KHA
100 ## - MAIN ENTRY--PERSONAL NAME
Personal name Khalid Mahmood, Syed
9 (RLIN) 3820
245 #0 - TITLE STATEMENT
Title World Cup 2003 :
260 ## - PUBLICATION, DISTRIBUTION, ETC.
Place of publication, distribution, etc. JUMBO Publishing,
Name of publisher, distributor, etc. Karachi :
Date of publication, distribution, etc. 2003
300 ## - PHYSICAL DESCRIPTION
Extent 186 p.
942 ## - ADDED ENTRY ELEMENTS (KOHA)
Koha item type Book
Holdings
Withdrawn status Lost status Damaged status Not for loan Permanent Location Current Location Date acquired Total Checkouts Full call number Barcode Date last seen Price effective from Koha item type
        US-Pakistan Center for Advanced Studies in Energy (USPCAS-E) US-Pakistan Center for Advanced Studies in Energy (USPCAS-E) 07/11/2018   796.33466809 KHA CAS-E0001501 09/12/2023 09/12/2023 Book
© 2023 Central Library, National University of Sciences and Technology. All Rights Reserved.